000 00600nam a2200253Ia 4500
005 20260121161135.0
008 008 260114s9999 xx 000 0 eng d
020 _a9781003188124
037 _aEBOOK
040 _aCRL
040 _beng
040 _cCRL
041 _2eng
041 _aeng
084 _qCRL
100 _a Jos‚ Ortega y Gasset
_91040713
245 4 _aThe Revolt of the Masses
260 _bTaylor and Francis
260 _c1961
856 _uhttp://www.taylorfrancis.com/books/9781003188124
942 _cEBOOK
999 _c1607529
_d1607529